Serengueti no debe morir (Record no. 75952)

MARC details
000 -LEADER
campo de control de longitud fija 00635nam a2200193 i 4500
001 - NÚMERO DE CONTROL
campo de control 75952
003 - IDENTIFICADOR DE NÚMERO DE CONTROL
campo de control ES-MaACL
005 - FECHA Y HORA DE LA ÚLTIMA TRANSACCIÓN
campo de control 20230906172651.0
007 - CAMPO FIJO DE DESCRIPCIÓN FÍSICA--INFORMACIÓN GENERAL
campo de control de longitud fija t|
008 - DATOS DE LONGITUD FIJA--INFORMACIÓN GENERAL
campo de control de longitud fija 040928s1961 sp ||||1| spa d
100 1# - ENTRADA PRINCIPAL--NOMBRE DE PERSONA
Nombre de persona Grzimek, Bernhard.
9 (RLIN) 60263
245 10 - MENCIÓN DEL TÍTULO
Título Serengueti no debe morir
Resto del título : 367.000 animales salvajes buscan patria /
Mención de responsabilidad, etc. Bernhand y Michael Grzimek ; [traducción Tomás Lamarca].
250 ## - MENCION DE EDICION
Mención de edición [1ª ed.].
260 ## - PUBLICACIÓN, DISTRIBUCIÓN, ETC.
Lugar de publicación, distribución, etc. Barcelona :
Nombre del editor, distribuidor, etc. Noguer :
-- Socitra,
Fecha de publicación, distribución, etc. [1961]
300 ## - DESCRIPCIÓN FÍSICA
Extensión 346 p., 37 lám ;
Dimensiones 23 cm.
700 1# - ENTRADA AGREGADA--NOMBRE PERSONAL
Nombre de persona Grzimek, Michael.
9 (RLIN) 60264
700 1# - ENTRADA AGREGADA--NOMBRE PERSONAL
Nombre de persona Lamarca, Tomás.
9 (RLIN) 69766
852 ## - LOCALIZACIÓN
Ubicación ES-MaACL
Número de control de estantería C-20371
Sublocalización o colección R.47947
Holdings
Estatus retirado Estado de pérdida Estado de daño No para préstamo Biblioteca de origen Biblioteca actual Ubicación en estantería Fecha de adquisición Fuente de adquisición Total de préstamos Signatura topográfica completa Código de barras Visto por última vez Precio de reemplazo Tipo de ítem Koha
        Biblioteca del Ateneo de Madrid Biblioteca del Ateneo de Madrid Galería 17/01/2008     C-20371 1079491 23/02/2023 23/02/2023 Libro impreso